| 000 | 01339cam a22003731i 4500 | ||
|---|---|---|---|
| 001 | 016499206 | ||
| 003 | EG-ScBUE | ||
| 005 | 20240528113644.0 | ||
| 008 | 130807s2014 nyuabo f bd f001 0 eng d | ||
| 020 | _a9781107613546 (pbk.) | ||
| 040 |
_aStDuBDS _beng _erda _cStDuBDS _dUk _dEG-ScBUE |
||
| 043 |
_aa-is--- _aawgz--- _aawba--- |
||
| 082 | 0 | 4 |
_a956.9405 _bGEL _222 |
| 100 | 1 |
_aGelvin, James L., _d1951- _eauthor. _929306 |
|
| 240 | _f | ||
| 245 | 1 | 4 |
_aThe Israel-Palestine conflict : _bone hundred years of war / _cJames L. Gelvin. |
| 250 | _aThird edition. | ||
| 264 |
_aNew York : _bCambridge University Press, _c2014. |
||
| 300 |
_ax, 313 pages : _billustrations, maps, photographs ; _c23 cm |
||
| 336 |
_2rdacontent _atext _btxt |
||
| 337 |
_aunmediated _2rdamedia _bn |
||
| 338 |
_avolume _bnc _2rdacarrier |
||
| 500 | _aIncludes glossary. | ||
| 504 | _aIncludes bibliographical references and index. | ||
| 650 | 7 |
_aArab-Israeli conflict. _2BUEsh _92523 |
|
| 650 | 7 |
_aJewish-Arab relations _xHistory. _2BUEsh _937481 |
|
| 650 | 7 |
_aJewish nationalism _zIsrael. _2BUEsh _929311 |
|
| 650 | 7 |
_aArab nationalism. _2BUEsh _937482 |
|
| 650 | 7 |
_aArab nationalism _929312 _zGaza Strip. _2BUEsh |
|
| 650 | 7 |
_aArab nationalism _929313 _zWest Bank. _2BUEsh |
|
| 653 |
_bBUSBOL _cMarch2015 |
||
| 655 |
_vReading book _933728 |
||
| 942 |
_2ddc _cBB |
||
| 999 |
_c19119 _d19091 |
||